Revelaciones líricas (Record no. 189071)

MARC details
000 -LEADER
campo de control de longitud fija 01001nam a2200277 i 4500
001 - NÚMERO DE CONTROL
campo de control 189071
003 - IDENTIFICADOR DE NÚMERO DE CONTROL
campo de control SpMaBN
005 - FECHA Y HORA DE LA ÚLTIMA TRANSACCIÓN
campo de control 20240510063153.0
008 - DATOS DE LONGITUD FIJA--INFORMACIÓN GENERAL
campo de control de longitud fija 190327s2017 sp a |||| | spa d
020 ## - NÚMERO INTERNACIONAL ESTÁNDAR DEL LIBRO
Número Internacional Estándar del Libro 978-84-7731-604-6
080 ## - NÚMERO DE LA CLASIFICACIÓN DECIMAL UNIVERSAL
Número de la Clasificación Decimal Universal 929:821.134.2-6"19"
080 ## - NÚMERO DE LA CLASIFICACIÓN DECIMAL UNIVERSAL
Número de la Clasificación Decimal Universal 929:821.134.2(7/8)-6"19"
100 1# - ENTRADA PRINCIPAL--NOMBRE DE PERSONA
Nombre de persona Díez Serrano, Isabel.
9 (RLIN) 44650
245 10 - MENCIÓN DEL TÍTULO
Título Revelaciones líricas
Resto del título : epístolas /
Mención de responsabilidad, etc. Isabel Díez Serrano.
250 ## - MENCION DE EDICION
Mención de edición 1ª ed.
260 ## - PUBLICACIÓN, DISTRIBUCIÓN, ETC.
Lugar de publicación, distribución, etc. Madrid :
Nombre del editor, distribuidor, etc. Endymion,
Fecha de publicación, distribución, etc. 2017.
300 ## - DESCRIPCIÓN FÍSICA
Extensión 153 p. :
Otras características físicas il. ;
Dimensiones 21 cm.
490 1# - MENCIÓN DE SERIE
Mención de serie Poesía (Ediciones Endymion)
594 ## - Nota al título y mención de responsabilidad
Nota al título y mención de responsabilidad En port.: Vasconcelos 2015.
600 17 - PUNTO DE ACCESO ADICIONAL DE MATERIA--NOMBRE DE PERSONA
Nombre de persona Díez Serrano, Isabel-
Subdivisión de forma Correspondencia.
9 (RLIN) 166707
830 0# - PUNTO DE ACCESO ADICIONAL DE SERIE-TÍTULO UNIFORME
Título uniforme Poesía (Ediciones Endymion)
9 (RLIN) 191744
852 ## - LOCALIZACIÓN
Ubicación ES-MaACL
Número de control de estantería A-14454
itemnumber 1962018
Sublocalización o colección R.151830
Ubicación en estantería Depósito 1
Signatura antigua Olim: N-7454
Anotaciones manuscritas Dedicatoria autógrafa de la autora
Donativo/Legado Donación: Isabel Díez Serrano
903 ## - NOMBRE PERSONAL DE DONANTE
9 44650
a Díez Serrano, Isabel
e Donante
942 ## - ELEMENTOS DE ENTRADA SECUNDARIOS (KOHA)
Fuente del sistema de clasificación o colocación Clasificación decimal universal
Tipo de ítem Koha Libro impreso
Holdings
Estatus retirado Estado de pérdida Fuente del sistema de clasificación o colocación Estado de daño No para préstamo Colección Biblioteca de origen Biblioteca actual Ubicación en estantería Fecha de adquisición Fuente de adquisición Total de préstamos Signatura topográfica completa Código de barras Visto por última vez Precio de reemplazo Tipo de ítem Koha Nota pública
    Clasificación decimal universal     Libros con dedicatorias Biblioteca del Ateneo de Madrid Biblioteca del Ateneo de Madrid Depósito 1 27/03/2019 Donación   A-14454 1200243 23/02/2023 23/02/2023 Libro impreso Dedicatoria autógrafa de la autora